|
|
|
|
| LEADER |
01570nam a2200433 a 4500 |
| 001 |
nkc20071718560 |
| 003 |
CZ PrNK |
| 005 |
20080103110445.0 |
| 007 |
ta |
| 008 |
070716s2007 xr e p 001 0 cze |
| 015 |
|
|
|a cnb001718560
|
| 020 |
|
|
|a 978-80-7380-033-8
|q (brož.)
|
| 035 |
|
|
|a (OCoLC)190752248
|
| 040 |
|
|
|a ABA001
|b cze
|
| 072 |
|
7 |
|a 34
|x Právo
|2 Konspekt
|9 16
|
| 072 |
|
7 |
|a 37.016
|x Učební osnovy. Vyučovací předměty. Učebnice
|2 Konspekt
|9 22
|
| 080 |
|
|
|a 659.3
|2 MRF
|
| 080 |
|
|
|a 34:316.774
|2 MRF
|
| 080 |
|
|
|a (075)
|2 MRF
|
| 100 |
1 |
|
|a Rozehnal, Aleš,
|d 1970-
|7 jn19990216157
|4 aut
|
| 245 |
1 |
0 |
|a Mediální právo /
|c Aleš Rozehnal
|
| 250 |
|
|
|a 2., rozš. vyd.
|
| 260 |
|
|
|a Plzeň :
|b Vydavatelství a nakladatelství Aleš Čeněk,
|c 2007
|
| 300 |
|
|
|a 303 s. ;
|c 21 cm
|
| 490 |
1 |
|
|a Právnické učebnice
|
| 504 |
|
|
|a Obsahuje bibliografii, bibliografické odkazy a rejstřík
|
| 650 |
0 |
7 |
|a masmédia
|7 ph115233
|2 czenas
|
| 650 |
0 |
7 |
|a mediální právo
|7 ph210143
|2 czenas
|
| 650 |
0 |
9 |
|a mass media
|2 eczenas
|
| 650 |
0 |
9 |
|a media law
|2 eczenas
|
| 655 |
|
7 |
|a učebnice
|7 fd133770
|2 czenas
|
| 655 |
|
9 |
|a textbooks
|2 eczenas
|
| 830 |
|
0 |
|a Právnické učebnice (Vydavatelství a nakladatelství Aleš Čeněk)
|0 s
|
| 856 |
4 |
1 |
|u http://www.digitalniknihovna.cz/mzk/uuid/uuid:032a6240-b872-11e5-b5dc-005056827e51
|y Digitalizovaný dokument
|x NDK
|
| 910 |
2 |
|
|a BOA001
|b 2-1194.514
|
| 990 |
|
|
|a BK
|
| 995 |
|
|
|a 01
|
| 991 |
|
|
|b 200711
|c NOV
|
| 996 |
6 |
|
|b 2610324859
|c 2-1194.514
|l MZK
|r Sklad / do 1 hodiny
|n 6
|p p.v.
|w 000874969
|u 000010
|a 1
|e BOA001
|j MZK50
|s P
|